| 000 | 00552cam a2200193ua 4500 | ||
|---|---|---|---|
| 001 | 1011 | ||
| 005 | 20260515113248.0 | ||
| 008 | 110426n ru |||gr||||Z||||||eng | ||
| 040 | _cMAIN | ||
| 082 | _a324.20750947 | ||
| 245 | 1 |
_aDocuments and materials : _b28th congress of the communist party of the soviet union / _cby Mikhail Gorbachaev |
|
| 250 | _a1st. | ||
| 260 |
_aMosco: _bNovosti,990. |
||
| 300 |
_a128p: _c2cm. |
||
| 653 | _aPolitical science | ||
| 653 | _aDocuments and materials | ||
| 700 |
_aGorbachaev, Mikhail., _eAuthor. |
||
| 942 | _cBK | ||
| 999 |
_c930 _d930 |
||